LEADER 01348cam0-22004211i-450- 001 990003034860403321 005 20061011110241.0 035 $a000303486 035 $aFED01000303486 035 $a(Aleph)000303486FED01 035 $a000303486 100 $a20030910d1984----km-y0itay50------ba 101 0 $aita 102 $aIT 105 $ay-------001yy 200 1 $a<>consolidamento strutturale della occupazione in specifiche aree$econ particolare riguardo alla provincia di Gorizia$fdi Sergio Albertini, Luigi Frey e Tiziana Tagliaferri$ga cura di Luigi Frey 210 $aMilano$cF. Angeli$d1984 215 $a184 p.$d22 cm 225 1 $aQuaderni di economia del lavoro$v19 676 $aG/2.10 676 $a331 676 $a331.7$v20$zita 700 1$aAlbertini,$bSergio$0116941 701 1$aFrey,$bLuigi$f<1934- >$0318236 701 1$aTagliaferri,$bTiziana$0120354 801 0$aIT$bUNINA$gRICA$2UNIMARC 901 $aBK 912 $a990003034860403321 952 $aEco-1.Q$b1785/b$fSES 952 $aEco-1.Q/19$b1208$fSES 952 $aC-XIII-6$b92 dip.$fDDRC 952 $aVII F 277 (19)$b117688$fFGBC 952 $aXV C 223 (19)$b117688$fFGBC 959 $aSES 959 $aDDRC 959 $aFGBC 996 $aConsolidamento strutturale della occupazione in specifiche aree$9463553 997 $aUNINA LEADER 05932nam 22008651 450 001 9910809509603321 005 20250428225433.0 010 $a9781118515051 010 $a1118515056 010 $a9781118515075 010 $a1118515072 010 $a9781118515105 010 $a1118515102 010 $a9781118515068 010 $a1118515064 035 $a(CKB)2550000001163187 035 $a(EBL)1498517 035 $a(SSID)ssj0001173516 035 $a(PQKBManifestationID)11638953 035 $a(PQKBTitleCode)TC0001173516 035 $a(PQKBWorkID)11104546 035 $a(PQKB)11043842 035 $a(Au-PeEL)EBL1498517 035 $a(CaPaEBR)ebr10804825 035 $a(Au-PeEL)EBL4035989 035 $a(CaPaEBR)ebr11110763 035 $a(CaONFJC)MIL545325 035 $a(MiAaPQ)EBC1498517 035 $a(OCoLC)861559787 035 $a(MiAaPQ)EBC4035989 035 $a(PPN)188041516 035 $a(EXLCZ)992550000001163187 100 $a20131026d2013 uy 0 101 0 $aeng 135 $aur|n|---||||| 181 $ctxt 182 $cc 183 $acr 200 02$aA companion to modern African Art /$fedited by Gitti Salami and Monica Blackmun Visona 205 $aFirst edition. 210 1$aChichester, West Sussex :$cWiley Blackwell,$d2013. 215 $a1 online resource (650 p.) 225 1 $aWiley Blackwell companions in art history ;$v6 300 $aDescription based upon print version of record. 311 08$a9781444338379 311 08$a1444338374 311 08$a9781306140744 311 08$a1306140749 320 $aIncludes bibliographical references and index. 327 $aA Companion to Modern African Art; Copyright; Contents; List of Figures; Notes on Contributors; Acknowledgments; Part I Introduction; 1 Writing African Modernism into Art History; Narrations of Modernism and Modernity; Centering Narratives on Africa's Art Worlds; Chapter Overview; Lacunae and Disjunctures; Notes; References; Part II "Africa Has Always Been Modern"; 2 Local Transformations, Global Inspirations: The Visual Histories and Cultures of Mami Wata Arts in Africa; Sacred Waters: Ancient and Indigenous Arts for African Water Deities 327 $aAfro-Mami Meets Euro-Mermaid: A Fifteenth-Century Sapi SynthesisThe Mermaid: A Floating Signifier; The Double-Tailed Mermaid in the Art of Benin; Mami Wata and the Image of the Snake Charmer; The Snake Charmer as Mami Wata in Africa; Mami Wata and Hindu Gods and Goddesses; Communicating with Mami Wata: Writing, Reflecting, Calling; Troubled Waters: From Saint to Sinner; Notes; References; Part III Art in Cosmopolitan Africa: The Nineteenth Century; 3 Loango Coast Ivories and the Legacies of Afro-Portuguese Arts; Hybrids at Hello; Contact and Catastrophe; Afro-Portuguese Ivories 327 $aThe Loango Ivories"Authenticity": Drawing the Line; Pointed Imagery; More Animal Tales; Double-Take; Notes; References; 4 Roots and Routes of African Photographic Practices: From Modern to Vernacular Photography in West and Central Africa (1850-1980); "COME ONE! COME ALL! and secure the shadow ere it fades"; Toward a History of Photography in West and Central Africa; Pioneer Photographers and Their Customers along the West and Central African Coasts; From Monrovia to Libreville: The Careers of Several African Pioneer Photographers 327 $aThe Democratization of Photography: The Case of Fumban, CameroonNotes; References; 5 At Home in the World: Portrait Photography and Swahili Mercantile Aesthetics; "Modernity" in African Art History; Challenging "Modernity" and "Place" on the Swahili Coast; Photography and the Colonial Moment; A Swahili Culture of Things; Portrait Photographs as Objects; Modernity on the Edge; Notes; References; 6 African Reimaginations: Presence, Absence, and New Way Architecture; The Scenario for a New History of the Modern; The Palace and the Mosque; Lacuna and History; Removals and Reinstallations 327 $aInvisibility and DifferenceLast Word: The Lines of a Future Argument; Notes; References; Part IV Modernities and Cross-Cultural Encounters in Arts of the Early Twentieth Century; 7 "One of the Best Tools for Learning": Rethinking the Role of 'Abduh's Fatwa in Egyptian Art History; Introduction; Art, Islam, and the Imam; An Insightful Traveler's Observations; "And They Do Not Spare Any Effort in Preserving These Things"; Al-Suwar wa-l-Tamathil: A Fatwa without Fine Arts; Between the Educational and the Legal; The Fatwa's Five Parts; Conclusion; Notes; References 327 $a8 Congolese and Belgian Appropriations of the Colonial Era: The Commissioned Work of Tshelantende (Djilatendo) and Its Reception 330 $aOffering a wealth of perspectives on African modern and Modernist art from the mid-nineteenth century to the present, this new Companion features essays by African, European, and North American authors who assess the work of individual artists as well as exploring broader themes such as discoveries of new technologies and globalization. A pioneering continent-based assessment of modern art and modernity across AfricaIncludes original and previously unpublished fieldwork-based materialFeatures new and complex theoretical arguments about the nature of modernity an 410 0$aBlackwell companions to art history ;$v6. 606 $aArt, African$y20th century 606 $aArt, African$y19th century 606 $aArt, African$y21st century 615 0$aArt, African 615 0$aArt, African 615 0$aArt, African 676 $a704.03 676 $a704.0396073 686 $aLO 90850$2rvk 701 $aSalami$b Gitti$01709182 701 $aVisona?$b Monica Blackmun$f1953-$01709183 801 0$bMiAaPQ 801 1$bMiAaPQ 801 2$bMiAaPQ 906 $aBOOK 912 $a9910809509603321 996 $aA companion to modern African Art$94098735 997 $aUNINA